000 00946nac a22002777a 4500
001 BR9301420
003 BR-BrBNA
005 20240105121430.0
008 230509b bl.|||m| |||| 00| 0 por d
040 _aBR-BrBNA
_bpor
_cBiblioteca Nacional de Agricultura
072 _aF01; H10
090 _aF01 BR9301420
100 1 _aOliveira, M.R.V. de
100 1 _aFerreira, D.N.M.
100 1 _aMiranda, R.G.
100 1 _aMesquita, H.R.
110 1 _aCentro Nacional de Pesquisa de Recursos Geneticos e Biotecnologia, Brasilia, DF (Brasil)
_91797
245 1 _aEstufas; sua importancia e ocorrencia de praga
260 3 _aBrasilia, DF (Brasil):
_c1992.
300 _a7 p.
490 _aComunicado Tecnico - Centro Nacional de Pesquisa de Recursos Geneticos e Biotecnologia (Brazil)
_vno. 11
_xISSN 0102-0099
650 _aEstufa
650 _aPraga de Planta
909 _a202312
_bLúcia Elande
_c55
_dLúcia Elande
942 _2AGRIS
_n0
_cMS
999 _c285276
_d285276